000
00301nam a22001337a 4500
082
_a
894.812
_b
KAR/N
100
_a
KARUNAKARAN, EZHUMANGALAM
245
_a
NIRADEEPAM
250
_a
FIRST
260
_a
KOCHI
_b
NATTARANG PUBLICATION
_c
2001
300
_a
80
650
_a
STORY & POEM
_z
KERALA
942
_c
BK
999
_c
1538
_d
1538